000 00494nam a2200181 a 4500
001 5934
003 CDMR
005 20160530230002.0
008 130220s1976||||||||||||||||||||||||||||d
040 _aCDMR
_bcat
_cCDMR
100 1 _9673
_aMartí Gómez, José
245 1 0 _aHagan juego señores...
_cJosep Martí Gómez i Josep Ramoneda
260 _aHospitalet de Llobregat
_bLaia
_c1976
300 _a240 p ;
_c17 cm
490 0 _aPaperback
_v20
_92885
630 _aRecull d'articles
942 _cMON
999 _c5934
_d5934